| 000 | 00896 a2200217 4500 | ||
|---|---|---|---|
| 008 | 080821t xxu||||| |||| 00| 0 eng d | ||
| 010 | _aENG-84988 | ||
| 020 |
_a8186867953 _c500.00 |
||
| 035 | _aEN-68521 | ||
| 037 | _bD.B.Act / Pub | ||
| 082 | _a361.3 | ||
| 100 | _aLawani, B. T. | ||
| 245 |
_aSocial work perspectives _cby B. T. Lawani and I. S. Subhedar |
||
| 260 |
_aNew Delhi _bOm Publications _c2006 |
||
| 270 |
_a2783, Ist Floor, Bhagat Singh Gali No. 6, Chuna Mandi, Pahar Ganj _bNew Delhi _cDelhi _e110055 _k55354142 _mibp@ndf.vsnl.net.in |
||
| 300 |
_a190 p. ; _c21 cm. (Hb) |
||
| 500 | _aIncludes bibliographical references and index | ||
| 650 | _aSocial work | ||
| 942 |
_adpl _cEN _k361.3 / LAW _2ddc _h361.3 _m LAW |
||
| 999 |
_c838 _d838 |
||